[Event "Nezhmetdinov Memorial 37th"]
[Site "Kazan"]
[Date "2015.06.03"]
[Round "4"]
[White "Kabanov, Nikolai"]
[Black "Baltabaev, Temirlan"]
[Result "0-1"]
[WhiteElo "2489"]
[BlackElo "2240"]
[PlyCount "132"]
[EventDate "2015.05.31"]
[EventType "swiss"]
[EventRounds "9"]
[EventCountry "RUS"]
[SourceTitle "CBM 166 Extra"]
[Source "ChessBase"]
[SourceDate "2015.06.18"]
[SourceVersion "1"]
[SourceVersionDate "2015.06.18"]
[SourceQuality "1"]

1. e4 e5 2. Nf3 Nc6 3. Bc4 Bc5 4. d3 Nf6 5. Nc3 d6 6. Bg5 h6 7. Bxf6 Qxf6 8. Nd5 Qd8 9. c3 a6 10. d4 exd4 11. cxd4 Ba7 12. h3 0-0 13. 0-0 b5 14. Bb3 Ne7 15. Nf4 c5 16. d5 g5 17. Nh5 Ng6 18. g4 Re8 19. Bc2 Nf4 20. Nxf4 gxf4 21. Kh2 Qf6 22. Rg1 Kf8 23. Qd2 Ke7 24. a4 b4 25. Bd3 Kd8 26. Rac1 Bb6 27. b3 Ra7 28. Qe2 Rae7 29. Nd2 Bc7 30. Qf3 Qg5 31. Qd1 Qf6 32. Nf3 a5 33. Rc2 Bd7 34. Qa1 Qxa1 35. Rxa1 h5 36. g5 Rf8 37. Nh4 Rg8 38. Rg1 Re5 39. g6 f6 40. f3 Rg7 41. Ng2 Rxg6 42. Nxf4 Rxg1 43. Kxg1 Rg5+ 44. Rg2 h4 45. Kh2 Ke7 46. Ng6+ Kf7 47. Nxh4 Rh5 48. Kg3 Rg5+ 49. Kf2 Rh5 50. Ng6 Bxh3 51. Rg3 Bc8 52. f4 Rh2+ 53. Ke1 c4 54. Bxc4 Bb6 55. Kf1 Bh3+ 56. Rxh3 Rxh3 57. f5 Re3 58. Nh4 Rxe4 59. Nf3 Rf4 60. Ke2 Rxf5 61. Nd2 Re5+ 62. Kf3 f5 63. Ba6 Re3+ 64. Kf4 Kf6 65. Bc8 Rd3 66. Nc4 Bd4 0-1

[Event "Nezhmetdinov Memorial 37th"]
[Site "Kazan"]
[Date "2015.05.31"]
[Round "1"]
[White "Baltabaev, Temirlan"]
[Black "Orysenko, Vladislav"]
[Result "1-0"]
[WhiteElo "2240"]
[BlackElo "1560"]
[PlyCount "57"]
[EventDate "2015.05.31"]
[EventType "swiss"]
[EventRounds "9"]
[EventCountry "RUS"]
[SourceTitle "CBM 166 Extra"]
[Source "ChessBase"]
[SourceDate "2015.06.18"]
[SourceVersion "1"]
[SourceVersionDate "2015.06.18"]
[SourceQuality "1"]

1. d4 d5 2. Nf3 Nf6 3. c4 c6 4. g3 e6 5. Qc2 Be7 6. Bg2 Nbd7 7. Nbd2 0-0 8. 0-0 Re8 9. Rd1 Qc7 10. e4 dxe4 11. Nxe4 Nxe4 12. Qxe4 Nf6 13. Qc2 Qa5 14. Bf4 Nh5 15. Bd2 Qc7 16. b4 b6 17. Rab1 Bb7 18. a4 Rac8 19. Be3 h6 20. Rdc1 c5 21. bxc5 bxc5 22. Rxb7 Qxb7 23. Ng5 Qxg2+ 24. Kxg2 hxg5 25. dxc5 f5 26. Qe2 g4 27. Bd4 Bg5 28. Re1 f4 29. Qxg4 1-0

[Event "Samara Polugaevsky Memorial 4th"]
[Site "Samara"]
[Date "2014.07.06"]
[Round "5"]
[White "Baltabaev, Temirlan"]
[Black "Palachev, Petr"]
[Result "0-1"]
[WhiteElo "2144"]
[BlackElo "2340"]
[PlyCount "76"]
[EventDate "2014.07.02"]
[EventType "swiss"]
[EventRounds "9"]
[EventCountry "RUS"]
[SourceTitle "CBM 161 Extra"]
[Source "ChessBase"]
[SourceDate "2014.08.29"]
[SourceVersion "1"]
[SourceVersionDate "2014.08.29"]
[SourceQuality "1"]

1. d4 Nf6 2. c4 e6 3. g3 d5 4. Bg2 Nc6 5. Nf3 dxc4 6. 0-0 Rb8 7. Nc3 a6 8. e4 Be7 9. Bf4 0-0 10. a3 b5 11. Re1 Na5 12. Qe2 Bb7 13. Rad1 Nb3 14. h3 Rc8 15. g4 c5 16. d5 exd5 17. exd5 Re8 18. Qc2 Bd6 19. Rxe8+ Nxe8 20. Be3 Qc7 21. Ng5 Nf6 22. Nge4 Nxe4 23. Nxe4 Rd8 24. Nxd6 Qxd6 25. Be4 h6 26. Qc3 Re8 27. Bg2 Rd8 28. Bf3 Qg6 29. Qe5 Qd6 30. Qc3 Qf6 31. Qxf6 gxf6 32. Kh2 Kg7 33. Kg3 b4 34. a4 c3 35. bxc3 bxc3 36. Rd3 Nd4 37. Bxd4 cxd4 38. Rxd4 c2 0-1

[Event "Samara Polugaevsky Memorial 4th"]
[Site "Samara"]
[Date "2014.07.03"]
[Round "2"]
[White "Zakharov, Nikita"]
[Black "Baltabaev, Temirlan"]
[Result "0-1"]
[WhiteElo "1892"]
[BlackElo "2144"]
[PlyCount "102"]
[EventDate "2014.07.02"]
[EventType "swiss"]
[EventRounds "9"]
[EventCountry "RUS"]
[SourceTitle "CBM 161 Extra"]
[Source "ChessBase"]
[SourceDate "2014.08.29"]
[SourceVersion "1"]
[SourceVersionDate "2014.08.29"]
[SourceQuality "1"]

1. e4 e5 2. Nc3 Nc6 3. g3 Bc5 4. Bg2 Nf6 5. d3 d6 6. Na4 Bg4 7. Qd2 Qe7 8. h3 Bd7 9. Ne2 0-0-0 10. a3 a6 11. Nxc5 dxc5 12. b3 Rhf8 13. Bb2 Ne8 14. 0-0-0 Nd4 15. Nxd4 cxd4 16. f4 f6 17. Kb1 Be6 18. Rhf1 Nd6 19. Rf2 Nf7 20. c4 Kb8 21. Rc1 c5 22. b4 Bd7 23. bxc5 Qxc5 24. Qb4 Qxb4 25. axb4 Be6 26. Ba3 Rfe8 27. f5 Bc8 28. Bf3 Nd6 29. b5 axb5 30. c5 Nf7 31. Rb2 Bd7 32. Bh5 Rf8 33. c6 bxc6 34. Bxf8 Rxf8 35. Bxf7 Rxf7 36. Kc2 Bc8 37. Kb3 Kb7 38. Kb4 Kb6 39. g4 Ra7 40. Rbc2 Bd7 41. g5 fxg5 42. Rc5 Be8 43. Rxe5 Bf7 44. Rxc6+ Kxc6 45. Rc5+ Kd6 46. e5+ Ke7 47. Rxb5 g6 48. e6 Be8 49. Rc5 gxf5 50. Rxf5 h6 51. Re5 Bg6 0-1

[Event "Pardubice op rap 24th"]
[Site "Pardubice"]
[Date "2013.07.18"]
[Round "8"]
[White "Dolezal, Radoslav"]
[Black "Baltabaev, Temirlan"]
[Result "1-0"]
[WhiteElo "2376"]
[BlackElo "2121"]
[PlyCount "119"]
[EventDate "2013.07.17"]
[EventType "swiss (rapid)"]
[EventRounds "9"]
[EventCountry "CZE"]
[SourceTitle "CBM 155 Extra"]
[Source "ChessBase"]
[SourceDate "2013.08.26"]
[SourceVersion "1"]
[SourceVersionDate "2013.08.26"]
[SourceQuality "1"]

1. d4 Nf6 2. Nf3 e6 3. Bg5 c5 4. c3 d5 5. Nbd2 Nc6 6. e3 Be7 7. Bd3 h6 8. Bh4 0-0 9. 0-0 Qb6 10. Qb3 c4 11. Qxb6 axb6 12. Bc2 b5 13. a3 Bd7 14. Rae1 g5 15. Bg3 Nh5 16. e4 Nxg3 17. hxg3 dxe4 18. Rxe4 Bd6 19. Re2 b6 20. Rd1 Kg7 21. Ne4 Bc7 22. d5 exd5 23. Rxd5 Nb8 24. Ne5 Bxe5 25. Rxe5 b4 26. cxb4 Nc6 27. Rd5 Bg4 28. f3 Be6 29. Rd6 Rfc8 30. b5 Ne7 31. Rxb6 Rc7 32. Nc3 Nf5 33. Bxf5 Bxf5 34. g4 Bd3 35. Re5 Rd8 36. Rc6 Rb7 37. b6 Bc2 38. Rd5 Re8 39. Kf2 Ra8 40. Rdd6 Ra6 41. Nd5 Ba4 42. Rc7 Rb8 43. Rf6 Be8 44. Rxc4 Ra5 45. Rf5 Bd7 46. Re5 Be6 47. Rxe6 fxe6 48. Rc7+ Kg6 49. Ne7+ Kf6 50. Nc6 Rxb6 51. Nxa5 Rxb2+ 52. Kg3 Ra2 53. Rc3 Ke5 54. Nc6+ Kd6 55. Nb4 Ra1 56. Nd3 Kd5 57. Nf2 e5 58. Ne4 Kd4 59. Rc6 Rxa3 60. Rxh6 1-0

[Event "Pardubice op rap 24th"]
[Site "Pardubice"]
[Date "2013.07.17"]
[Round "3"]
[White "Dorst, Johannes"]
[Black "Baltabaev, Temirlan"]
[Result "0-1"]
[WhiteElo "2236"]
[BlackElo "2121"]
[PlyCount "150"]
[EventDate "2013.07.17"]
[EventType "swiss (rapid)"]
[EventRounds "9"]
[EventCountry "CZE"]
[SourceTitle "CBM 155 Extra"]
[Source "ChessBase"]
[SourceDate "2013.08.26"]
[SourceVersion "1"]
[SourceVersionDate "2013.08.26"]
[SourceQuality "1"]

1. e4 e5 2. Nf3 Nc6 3. Bb5 a6 4. Bxc6 dxc6 5. 0-0 f6 6. d4 exd4 7. Nxd4 Bd6 8. Nf5 Bxf5 9. exf5 Qd7 10. Re1+ Kf8 11. Qf3 Ne7 12. Re6 Be5 13. Nc3 Bxc3 14. bxc3 Nxf5 15. Ba3+ Kf7 16. Rae1 Rhe8 17. Qh5+ g6 18. Qxh7+ Ng7 19. Re7+ Rxe7 20. Rxe7+ Qxe7 21. Bxe7 Re8 22. g3 Rxe7 23. Qh4 Re5 24. Qc4+ Ne6 25. f4 Rc5 26. Qd3 Rd5 27. Qe3 c5 28. Qe4 c6 29. Qa4 Ke7 30. Qa5 Rd1+ 31. Kg2 Rd2+ 32. Kh3 f5 33. Qb6 Kf6 34. g4 Nxf4+ 35. Kg3 Ne6 36. gxf5 gxf5 37. Qxb7 Rxc2 38. Qb3 Rd2 39. Qc4 a5 40. h4 f4+ 41. Kg4 Rg2+ 42. Kf3 Rg3+ 43. Kf2 Rh3 44. Qa6 Rh2+ 45. Kf3 Rxa2 46. Qxc6 Ra3 47. Kg4 Rxc3 48. h5 Rg3+ 49. Kh4 Re3 50. Qe8 Re2 51. Qg6+ Ke5 52. Qg1 f3 53. h6 f2 54. Qf1 Re4+ 55. Kh5 Nf4+ 56. Kg5 Ne6+ 57. Kg6 Rg4+ 58. Kf7 Rf4+ 59. Ke7 Ng5 60. Qe2+ Kf5 61. Qd3+ Kg4 62. Qf1 Kh5 63. h7 Nxh7 64. Qh3+ Kg5 65. Qg3+ Kf5 66. Qh3+ Ke5 67. Qc3+ Ke4 68. Qc4+ Ke3 69. Qf1 Ng5 70. Kd6 Ne4+ 71. Kd5 Nd2 72. Qh3+ Ke2 73. Qh5+ Ke1 74. Qe5+ Re4 75. Qa1+ Ke2 0-1

[Event "Izhevsk Corporation Cup-A 4th"]
[Site "Izhevsk"]
[Date "2012.07.15"]
[Round "1"]
[White "Baltabaev, Temirlan"]
[Black "Krutko, Anatoly"]
[Result "1/2-1/2"]
[WhiteElo "2083"]
[BlackElo "2427"]
[PlyCount "83"]
[EventDate "2012.07.15"]
[EventType "swiss"]
[EventRounds "9"]
[EventCountry "RUS"]
[SourceTitle "EXT 2013"]
[Source "ChessBase"]
[SourceDate "2012.11.22"]
[SourceVersion "1"]
[SourceVersionDate "2012.11.22"]
[SourceQuality "1"]

1. d4 Nf6 2. Nf3 g6 3. c4 Bg7 4. Nc3 0-0 5. g3 d6 6. Bg2 Nbd7 7. 0-0 e5 8. e4 exd4 9. Nxd4 a6 10. b3 Rb8 11. Bb2 Re8 12. Qc2 c5 13. Nde2 b5 14. Rad1 bxc4 15. Rxd6 Qe7 16. Rfd1 Ne5 17. f4 Nd3 18. e5 Ng4 19. Nd5 Qa7 20. Ba1 cxb3 21. axb3 Bf5 22. Qc4 Nb4 23. Nxb4 Rxb4 24. Rxa6 Qb8 25. Qxc5 Bf8 26. Qa5 Ne3 27. Ra8 Qxa8 28. Bxa8 Nxd1 29. Nd4 Bh3 30. Bf3 Ne3 31. Kf2 Nf5 32. Nxf5 Bxf5 33. Bd5 Be6 34. Bc3 Rbb8 35. Bxe6 Rxe6 36. Qd5 Reb6 37. e6 Rxe6 38. Qd4 f6 39. Qc4 Rbb6 40. b4 Rbc6 41. Qb3 Kg7 42. Bd4 1/2-1/2

[Event "Nabereznye Chelny op 8th"]
[Site "Nabereznye Chelny"]
[Date "2010.01.26"]
[Round "8"]
[White "Salihova, Lilia"]
[Black "Baltabaev, Temirlan"]
[Result "0-1"]
[WhiteElo "1951"]
[BlackElo "1920"]
[PlyCount "112"]
[EventDate "2010.01.19"]
[EventType "swiss"]
[EventRounds "9"]
[EventCountry "RUS"]
[SourceTitle "CBM 134 Extra"]
[Source "ChessBase"]
[SourceDate "2010.03.03"]
[SourceVersion "1"]
[SourceVersionDate "2010.03.03"]
[SourceQuality "1"]

1. d4 d5 2. Nf3 Nf6 3. Bf4 Bf5 4. e3 Nbd7 5. Bd3 Ne4 6. Nbd2 Ndf6 7. Ne5 Nd6 8. f3 Bxd3 9. Nxd3 e6 10. c3 Nh5 11. 0-0 Nxf4 12. Nxf4 Be7 13. Qe2 0-0 14. Nh5 f5 15. e4 Qe8 16. e5 Nf7 17. f4 Nh6 18. h3 c5 19. Nb3 c4 20. Nd2 b5 21. a3 a5 22. Kh2 g6 23. Nf6+ Bxf6 24. exf6 Rxf6 25. Qe5 Qd8 26. Rfe1 Nf7 27. Qe2 Nd6 28. Nf3 Ne4 29. Ne5 Qd6 30. g3 Rff8 31. Qc2 b4 32. axb4 axb4 33. Reb1 b3 34. Qe2 Ra2 35. Rxa2 bxa2 36. Ra1 Ra8 37. Nf3 Qb6 38. h4 Qb3 39. Ng5 Rb8 40. Nxe6 Qxb2 41. Rxa2 Qxc3 42. Qg2 Qb3 43. Nc5 Qb5 44. g4 c3 45. Rc2 Qb2 46. Nd3 Qb7 47. gxf5 Qe7 48. Kh3 Qd7 49. Qg4 Qxf5 50. Qxf5 gxf5 51. h5 Rb1 52. Rg2+ Kf8 53. Rc2 Rd1 54. Nf2 Rd2 55. Rxd2 Nxd2 56. Kg3 Ne4+ 0-1